Responsabilidad fiscal en Colombia / (Registro nro. 6308)
[ vista simple ]
| 000 -LEADER | |
|---|---|
| fixed length control field | 00918nam a2200241Ia 4500 |
| 003 - CONTROL NUMBER IDENTIFIER | |
| control field | OSt |
| 005 - DATE AND TIME OF LATEST TRANSACTION | |
| control field | 20200819164714.0 |
| 008 - FIXED-LENGTH DATA ELEMENTS--GENERAL INFORMATION | |
| fixed length control field | 191128s2016 ck ad fr 000 0dspa d |
| 020 ## - INTERNATIONAL STANDARD BOOK NUMBER | |
| International Standard Book Number | 9789587495201 |
| 040 ## - CATALOGING SOURCE | |
| Original cataloging agency | CO-JMCR |
| Transcribing agency | CO-JMCR |
| 041 0# - LANGUAGE CODE | |
| Language code of text/sound track or separate title | spa |
| 082 04 - DEWEY DECIMAL CLASSIFICATION NUMBER | |
| Classification number | 346.03 / |
| Item number | L925r |
| Edition number | 23 |
| 100 1# - MAIN ENTRY--PERSONAL NAME | |
| Personal name | Lozano Puentes, Yezid, |
| Relator term | autor |
| 9 (RLIN) | 8932 |
| 245 10 - TITLE STATEMENT | |
| Title | Responsabilidad fiscal en Colombia / |
| Statement of responsibility, etc. | Yezid Lozano Puentes y Mario Iguarán Arana |
| 260 ## - PUBLICATION, DISTRIBUTION, ETC. | |
| Place of publication, distribution, etc. | Bogotá : |
| Name of publisher, distributor, etc. | Editorial Ibáñez, |
| Date of publication, distribution, etc. | 2016 |
| 300 ## - PHYSICAL DESCRIPTION | |
| Extent | 248 páginas : |
| Other physical details | gráficos a blanco y negro ; |
| Dimensions | 24 cm. |
| 500 ## - GENERAL NOTE | |
| General note | Incluye datos biográficos de los autores en contra portada. |
| 505 0# - FORMATTED CONTENTS NOTE | |
| Formatted contents note | Las contralorias y la función pública que ejercen -- Proceso de responsabilidad social |
| 650 14 - SUBJECT ADDED ENTRY--TOPICAL TERM | |
| Topical term or geographic name entry element | Auditoría fiscal |
| General subdivision | legislación |
| Geographic subdivision | Colombia |
| 9 (RLIN) | 8933 |
| 650 14 - SUBJECT ADDED ENTRY--TOPICAL TERM | |
| Topical term or geographic name entry element | Debido proceso |
| Geographic subdivision | Colombia |
| 9 (RLIN) | 8934 |
| 700 1# - ADDED ENTRY--PERSONAL NAME | |
| Personal name | Mario Iguarán Arana, |
| Relator term | autor |
| 9 (RLIN) | 8935 |
| 942 ## - ADDED ENTRY ELEMENTS (KOHA) | |
| Source of classification or shelving scheme | Dewey Decimal Classification |
| Koha item type | Books |
| Withdrawn status | Lost status | Source of classification or shelving scheme | Damaged status | Not for loan | Collection code | Home library | Current library | Date acquired | Source of acquisition | Full call number | Barcode | Date last seen | Copy number | Koha item type |
|---|---|---|---|---|---|---|---|---|---|---|---|---|---|---|
| Dewey Decimal Classification | Non-fiction | Biblioteca Pública José María del Castillo y Rada | Biblioteca Pública José María del Castillo y Rada | 12/01/2017 | Donación | 346.03 / L925r | 430012385 | 05/16/2024 | Ej.1 | Books |